| 000 | 00552nam a2200193Ia 4500 | ||
|---|---|---|---|
| 008 | 120911t2009 xxu||||| |||| 00| 0 sin d | ||
| 041 | _asin | ||
| 080 |
_a8 - 31 (eng) _bSTE |
||
| 100 | _aStevenson, R. L. | ||
| 245 | _aඅපූරු බාප්පා | ||
| 246 | _aApuru Bappa | ||
| 260 |
_aM. D. Gunasena _aColombo _c2009 |
||
| 300 | _b138p, ill, 18 cm | ||
| 500 | _aSinhalese Translation of R. L. Stevenson's of Kidnapped | ||
| 700 |
_aMahingoda, Premasiri _etr. |
||
| 942 | _cBK | ||
| 999 |
_c42018 _d42018 |
||
| 003 | LK-CoDNM | ||
| 040 |
_aLK-CoDNM _dLK-CoDNM _eLK-CoDNM |
||